000 00800nam a2200217Ia 4500
999 _c40105
_d40105
001 6711
003 GE_BSU
005 20191217163514.0
008 181216s1988||||ge |||||||||||||| ||geo||
040 _cGE_BSU
041 _ageo
080 _a821.353.1-32 გ-30
100 _aგელაშვილი, ნაირა.
_9817
245 _aსერსო :
_bმოთხრობა /
_cნაირა გელაშვილი ; რედ. ლოლა ქადაგიშვილი.
264 _aთბილისი :
_bნაკადული,
_c1988.
300 _a39 გვ. ;
_c20 სმ.
653 _aმოთხრობა
653 _aსერსო
700 _aქადაგიშვილი, ლოლა
_eრედაქტორი
_94909
942 _cBK
_2udc